000 00627nam a2200217 a 4500
999 _c3794
_d3794
001 3794
003 BD-JhCC
005 20171128135514.0
008 171118s1964 bg ||||| ||a| 000 0 ben d
035 _a(BD-JhCC) 3794
040 _aBD-JhCC
_dBD-JhCC
041 _aben
082 _a891.4415
_bUDD 1964
100 _aউদ্দীন, জসীম
245 _aসোজন বাদিয়ার ঘাট /
_cজসীম উদ্দীন
260 _aঢাকা :
_bপলাশ প্রকাশনী ,
_c1964
300 _a148 p .:
_c22 cm .
650 _aBengali Poem
942 _2ddc
_cBK